1417 1558 1469 1505 1943 1589 1962 1045 1430 1070 1089 1677 1546 1566 1046 1288 1145 1275 1972 1972 1018 1655 1538 1438 1703 1916 1953 1498 1889 1911 1339 1399 1044 1099 1455 1932 1631 1453 1286 1136 1400 1780 1644 1851 1342 1467 1960 1166 1541 1020 1335 1468 1538 1134 1812 1812 1322 1564 1870 1499 1176 1894 1833 1140 1325 1370 1113 1627 1760 1475 1032 1783 1879 1321 1762 1961 1787 1074 1915 1995 1377 1901 1202 1141 1288 1533 1904 1675 1664 1530 1817 1364 1346 1224 1655 1500 1582 1522 1928 BCNSPRNW ULIB Ver.6.0+V

เปลี่ยนเป็นภาษาไทย

Change to English
 แสดงรายละเอียดบรรณานุกรม
  กลับหน้าหลัก

Brief Record : Get Marc (ISO 2709) : E-mail record : QR code < ปิดหน้าต่าง
LEADER : 00000nam 2200000uu 4500
001    13399126842
003     ULIB
008    020711s2562 th a 000 0 tha d
060    วจ^aWY159^bส731ก
100    ^aสิริกานต์ แรงกสิกร
245    ^aการพัฒนารูปแบบการเตรียมความพร้อมของนักศึกษาโดยประยุกต์ใช้การเรียนรู้สถานการณ์จำลองเสมือนจริงก่อนการฝึกปฏิบัติงานด้านการพยาบาลเด็กรายวิชาปฏิบัติการพยาบาลบุคคลที่มีปัญหาสุขภาพ 1 : Model development for preparing students by Simulation Based Learning in Pediatric Clinical Nursing Practice in Nursing Care of Persons with Health Problems Practicum I
260    ^aนครสวรรค์ :^bวิทยาลัยพยาบาลบรมราชชนนีสวรรค์ประชารักษ์ นครสวรรค์,^c2562
300    ^a70 หน้า;^b30 ซม.
650    ^aการพยาบาลเด็ก
710    ^aวิทยาลัยพยาบาลบรมราชชนนี สวรรค์ประชารักษ์ นครสวรรค์ สถาบันพระบรมราชชนก สำนักงานปลัดกระทรวงสาธารณสุข กระทรวงสาธารณสุข
945    ^p0^l0^i005501
999    ^aประนอม เกษจรัล
รายการนี้ยังไม่มีแท็ก
คุณยังไม่ได้ล็อกอิน คุณสามารถมีกิจกรรมร่วมกับเว็บไซต์ได้ แต่ต้องล็อกอินก่อน ::
  ล็อกอิน

รายการสื่อสารสนเทศ

ลำดับที่ ประเภท เลขเรียก/บาร์โค้ด สถานที่ สถานะ
1. Book การพยาบาล
Book การพยาบาล
วจ WY159 ส731ก ฉ.1 
  Barcode: 005501
ห้องสมุดวิทยาเขตสวรรค์ประชารักษ์
►หนังสือทั่วไป
บนชั้น

รายการใกล้เคียง
    ผู้แต่ง [สิริกานต์ แรงกสิกร]

    หัวเรื่อง [การพยาบาลเด็ก]

BibComment


ยังไม่เคยถูกคอมเมนท์

คอมเมนท์ทรัพยากรรายการนี้
  คอมเมนท์: การพัฒนารูปแบบกา..


 Copyright 2026. Bcnsprnw @Library